|
|
|
|
| LEADER |
00000nam a2200000 a 4500 |
| 001 |
vtls001182743 |
| 003 |
SK-MaSNL |
| 005 |
20260301154312.0 |
| 008 |
251113s1974 xr 0 cze |
| 035 |
|
|
|a SNK000125790
|
| 040 |
|
|
|a SNK
|b slo
|c SNK
|e AACR2
|
| 041 |
0 |
|
|a cze
|
| 044 |
|
|
|a CZ
|
| 100 |
1 |
|
|a Beethoven, Ludwig van,
|d 1770-1827
|4 aut
|9 106879
|
| 245 |
0 |
|
|a Listy o umění, lásce a přátelství
|
| 250 |
|
|
|a 3. vyd.
|
| 260 |
|
|
|a Praha
|b Panton
|c 1974
|
| 300 |
|
|
|a 189, [2] s.
|c 8°
|
| 490 |
1 |
|
|a Edice přátel hudby
|v Sv. 15
|
| 830 |
|
0 |
|a Edice přátel hudby
|9 282930
|
| 958 |
|
|
|a RK
|
| 958 |
|
|
|a OND
|
| 999 |
|
|
|c 796341
|d 798271
|
| 952 |
|
|
|t P60, <04>, [BOOK], {604}
|a SNK
|b SNK
|y VYP
|7 0
|o snkID 63592
|i snkKIP 3040/75
|0 0
|1 0
|4 0
|d 1996-02-28
|l 0
|r 2005-01-01 00:00:00
|w 2026-02-24
|
| 952 |
|
|
|t P60, <04>, [BOOK], {604}
|a SNK
|b SNK
|y VYP
|7 0
|p 17A0036255
|o snkID 63592 D1
|i snkKIP 3041/75
|0 0
|1 1
|4 0
|d 1996-02-28
|l 0
|r 2005-01-01 00:00:00
|w 2026-02-24
|